[Event "48.C.to  di Cat.Mag. Semif. ITA"]
[Site "Milano ITA"]
[Date "1988.02.14"]
[Round "2.11"]
[White "Sottani, Paolo"]
[Black "Castiglioni, Ferruccio"]
[Result "1/2-1/2"]
[WhiteElo "1900"]
[BlackElo "2030"]
[Annotator "Gabriele Ballarin"]
[PlyCount "71"]
[EventDate "1988.02.13"]
[EventType "tourn"]
[EventRounds "9"]
[EventCountry "ITA"]

1. e4 e5 2. Nf3 Nc6 3. Bc4 Nf6 4. d3 Bc5 5. O-O d6 6. c3 a6 7. h3 O-O 8. b4 Ba7 9. Bg5 Qe7 10. Nbd2 Be6 11. a4 h6 12. Bxf6 Qxf6 13. Qe2 Ne7 14. Kh2 g5 15. Ng1 Ng6 16. g3 c6 17. Bxe6 Qxe6 18. Nc4 f5 19. Ne3 Bxe3 20. exf5 Rxf5 21. fxe3 Raf8 22. e4 R5f7 23. c4 Kg7 24. Nf3 g4 25. Nd2 gxh3 26. Rxf7+ Rxf7 27. Rf1 Rxf1 28. Nxf1 b5 29. axb5 axb5 30. cxb5 cxb5 31. Ne3 Ne7 32. Qh5 Qf7 33. Qg4+ Kf8 34. Kxh3 Qf2 35. Nf5 Qf1+ 36. Kh2 1/2-1/2

[Event "48.C.to  di Cat.Mag. Semif. ITA"]
[Site "Milano ITA"]
[Date "1988.02.14"]
[Round "2.12"]
[White "Borgo, Giulio"]
[Black "Caposciutti, Maurizio"]
[Result "0-1"]
[WhiteElo "2365"]
[BlackElo "2181"]
[Annotator "Gabriele Ballarin"]
[PlyCount "64"]
[EventDate "1988.02.13"]
[EventType "tourn"]
[EventRounds "9"]
[EventCountry "ITA"]

1. e4 c5 2. Nf3 Nc6 3. Nc3 d6 4. d4 cxd4 5. Nxd4 Nf6 6. Be3 e5 7. Nf3 Be7 8. Be2 O-O 9. O-O h6 10. Re1 Be6 11. Bf1 a6 12. Nd5 Rc8 13. c4 Bxd5 14. exd5 Nb8 15. Qb3 Qc7 16. Bb6 Qd7 17. Rad1 Bd8 18. Be3 Qc7 19. c5 e4 20. cxd6 Qxd6 21. Nd2 b5 22. Bd4 Ng4 23. g3 f5 24. Bh3 h5 25. f3 Bb6 26. Nxe4 Bxd4+ 27. Rxd4 Qb6 28. Red1 Rc4 29. d6 Kh8 30. Qxc4 bxc4 31. Ng5 Ne3 32. R1d2 Nc2 0-1

[Event "48.C.to  di Cat.Mag. Semif. ITA"]
[Site "Milano ITA"]
[Date "1988.02.14"]
[Round "2.13"]
[White "Visentin, Claudio"]
[Black "Mantovani, Renzo"]
[Result "1-0"]
[WhiteElo "2017"]
[BlackElo "2410"]
[Annotator "Gabriele Ballarin"]
[PlyCount "59"]
[EventDate "1988.02.13"]
[EventType "tourn"]
[EventRounds "9"]
[EventCountry "ITA"]

1. d4 c5 2. d5 d6 3. c4 e5 4. e4 Be7 5. Nf3 Bg4 6. Bd3 Nd7 7. Nc3 a6 8. h3 Bxf3 9. Qxf3 Bg5 10. Bc2 Bxc1 11. Rxc1 Ne7 12. Ba4 O-O 13. Bxd7 Qxd7 14. Qd3 f5 15. exf5 Rxf5 16. Ne4 Raf8 17. O-O h6 18. a3 Rf4 19. Rc3 b5 20. b4 cxb4 21. axb4 bxc4 22. Rxc4 Qf5 23. f3 Qg6 24. Rc3 Nf5 25. Qxa6 Nd4 26. Kh2 Nf5 27. g3 Rxe4 28. fxe4 Ne7 29. Rxf8+ Kxf8 30. Qa8+ 1-0

[Event "48.C.to  di Cat.Mag. Semif. ITA"]
[Site "Milano ITA"]
[Date "1988.02.14"]
[Round "2.14"]
[White "Leoni, Leopoldo"]
[Black "Valenti, Giuseppe"]
[Result "0-1"]
[WhiteElo "2126"]
[BlackElo "2245"]
[Annotator "Gabriele Ballarin"]
[PlyCount "60"]
[EventDate "1988.02.13"]
[EventType "tourn"]
[EventRounds "9"]
[EventCountry "ITA"]

1. e4 c5 2. Nf3 e6 3. d4 cxd4 4. Nxd4 a6 5. Nc3 Qc7 6. Be2 Nf6 7. Be3 Be7 8. O-O O-O 9. Kh1 d6 10. f4 Nc6 11. Qe1 Bd7 12. Qg3 b5 13. a3 Rac8 14. Rad1 Kh8 15. Nxc6 Bxc6 16. Bd4 Qb7 17. Bf3 a5 18. e5 dxe5 19. fxe5 Ne4 20. Nxe4 Bxe4 21. c3 Rcd8 22. Qg4 Bxf3 23. Rxf3 b4 24. axb4 axb4 25. Rfd3 Qb5 26. Qe4 Qc4 27. Rh3 h6 28. Qd3 Qa2 29. c4 Bc5 30. Qe3 Rxd4 0-1

[Event "48.C.to  di Cat.Mag. Semif. ITA"]
[Site "Milano ITA"]
[Date "1988.02.14"]
[Round "2.15"]
[White "Quinto, Gianni"]
[Black "Martorelli, Antonio"]
[Result "0-1"]
[WhiteElo "2085"]
[BlackElo "2235"]
[Annotator "Gabriele Ballarin"]
[PlyCount "71"]
[EventDate "1988.02.13"]
[EventType "tourn"]
[EventRounds "9"]
[EventCountry "ITA"]

1. d4 Nf6 2. c4 g6 3. Nc3 Bg7 4. e4 d6 5. Nge2 c5 6. d5 b5 7. cxb5 a6 8. Ng3 O-O 9. Be2 axb5 10. Bxb5 Ba6 11. O-O Qa5 12. a4 Nfd7 13. Bd2 Qb4 14. Qc2 Bxb5 15. axb5 Rxa1 16. Rxa1 Bxc3 17. Qxc3 Qxc3 18. Bxc3 Nb6 19. Ne2 f5 20. f3 N8d7 21. Ra7 fxe4 22. fxe4 Kf7 23. Nf4 Rb8 24. Nd3 Nf6 25. Bxf6 Kxf6 26. e5+ Kf5 27. Rxe7 Nxd5 28. Rxh7 c4 29. g4+ Ke4 30. Nf2+ Kxe5 31. Rg7 Rxb5 32. Nd1 Nf4 33. Rc7 Kd4 34. Rc6 d5 35. h4 Rb3 36. Rf6 0-1

[Event "48.C.to  di Cat.Mag. Semif. ITA"]
[Site "Milano ITA"]
[Date "1988.02.14"]
[Round "2.16"]
[White "Drei, Andrea"]
[Black "Gongalov, Bojan"]
[Result "1-0"]
[WhiteElo "2235"]
[BlackElo "2008"]
[Annotator "Gabriele Ballarin"]
[PlyCount "67"]
[EventDate "1988.02.13"]
[EventType "tourn"]
[EventRounds "9"]
[EventCountry "ITA"]

1. e4 c5 2. Nf3 e6 3. d4 cxd4 4. Nxd4 a6 5. Nc3 Qc7 6. Be2 Bb4 7. Qd3 Nf6 8. Bd2 Nc6 9. O-O O-O 10. Rad1 Ne5 11. Qe3 Neg4 12. Qh3 h5 13. Ncb5 Qc5 14. Nb3 Qe7 15. Bxb4 Qxb4 16. Rd4 Qe7 17. Nd6 g6 18. Qg3 e5 19. Rd3 Nxe4 20. Nxe4 f5 21. Nd6 e4 22. Rd4 f4 23. Qh3 f3 24. gxf3 Ne5 25. fxe4 Rf6 26. f4 Nc6 27. Bc4+ Kf8 28. e5 Nxd4 29. Nxd4 Rxd6 30. exd6 Qxd6 31. Qe3 b5 32. Qe5 Qxe5 33. fxe5+ Kg7 34. Bd5 1-0

[Event "48.C.to  di Cat.Mag. Semif. ITA"]
[Site "Milano ITA"]
[Date "1988.02.14"]
[Round "2.17"]
[White "Caizzone, Vito"]
[Black "Pantaleoni, Claudio"]
[Result "1/2-1/2"]
[WhiteElo "2180"]
[BlackElo "2080"]
[Annotator "Gabriele Ballarin"]
[PlyCount "48"]
[EventDate "1988.02.13"]
[EventType "tourn"]
[EventRounds "9"]
[EventCountry "ITA"]

1. e4 c5 2. Nf3 d6 3. Bb5+ Bd7 4. a4 e6 5. O-O a6 6. Bc4 Nc6 7. d4 cxd4 8. Nxd4 Nf6 9. Nc3 Be7 10. Be3 Rc8 11. Qe2 Qc7 12. Bd3 Ne5 13. Kh1 Neg4 14. h3 Nxe3 15. fxe3 O-O 16. Rf2 Qc5 17. g4 h6 18. Raf1 Qb4 19. g5 hxg5 20. e5 dxe5 21. Rxf6 gxf6 22. Qh5 f5 23. Nf3 f6 24. Qg6+ Kh8 1/2-1/2

[Event "48.C.to  di Cat.Mag. Semif. ITA"]
[Site "Milano ITA"]
[Date "1988.02.14"]
[Round "2.18"]
[White "Montani, Francesco"]
[Black "Biondi, Gualtiero"]
[Result "1-0"]
[WhiteElo "1979"]
[BlackElo "1973"]
[Annotator "Gabriele Ballarin"]
[PlyCount "37"]
[EventDate "1988.02.13"]
[EventType "tourn"]
[EventRounds "9"]
[EventCountry "ITA"]

1. e4 d6 2. d4 Nf6 3. Nc3 g6 4. Bc4 Bg7 5. Qe2 O-O 6. e5 Nfd7 7. e6 Nb6 8. exf7+ Kh8 9. h4 Nxc4 10. h5 g5 11. Qxc4 h6 12. Nge2 Bf5 13. f4 g4 14. Ng3 Bh7 15. f5 Nd7 16. Nce2 c5 17. Nf4 Bxd4 18. Ng6+ Kg7 19. f6+ 1-0

[Event "48.C.to  di Cat.Mag. Semif. ITA"]
[Site "Milano ITA"]
[Date "1988.02.14"]
[Round "2.19"]
[White "Micalizzi, Giovanni"]
[Black "Zagallo, Bruno"]
[Result "0-1"]
[WhiteElo "2068"]
[BlackElo "1900"]
[Annotator "Gabriele Ballarin"]
[PlyCount "64"]
[EventDate "1988.02.13"]
[EventType "tourn"]
[EventRounds "9"]
[EventCountry "ITA"]

1. e4 e5 2. Nf3 Nc6 3. Bb5 a6 4. Ba4 Nf6 5. O-O Be7 6. d4 b5 7. Bb3 d6 8. h3 Nxd4 9. Nxd4 exd4 10. Bd5 Nxd5 11. exd5 O-O 12. Qxd4 Bb7 13. Nc3 Bf6 14. Qd3 Re8 15. Be3 Bxc3 16. bxc3 Re5 17. Rad1 Rxd5 18. Qxd5 Bxd5 19. Rxd5 c6 20. Rd3 Rb8 21. Bf4 Qf6 22. Bxd6 Re8 23. Bg3 h6 24. c4 bxc4 25. Rd6 Qb2 26. Rxc6 Qxa2 27. c3 a5 28. Rc5 a4 29. Be5 a3 30. Ra5 Qb2 31. Ra7 Rb8 32. Re1 Qd2 0-1

[Event "48.C.to  di Cat.Mag. Semif. ITA"]
[Site "Milano ITA"]
[Date "1988.02.15"]
[Round "3.1"]
[White "Pantaleoni, Claudio"]
[Black "Iudicello, Massimo"]
[Result "1/2-1/2"]
[WhiteElo "2080"]
[BlackElo "1914"]
[Annotator "Gabriele Ballarin"]
[PlyCount "92"]
[EventDate "1988.02.13"]
[EventType "tourn"]
[EventRounds "9"]
[EventCountry "ITA"]

1. d4 Nf6 2. c4 e6 3. Nc3 Bb4 4. a3 Bxc3+ 5. bxc3 Ne4 6. e3 O-O 7. Bd3 f5 8. Ne2 b6 9. O-O Bb7 10. f3 Nf6 11. a4 c5 12. a5 Nc6 13. a6 Bc8 14. e4 Na5 15. exf5 exf5 16. dxc5 Bxa6 17. Ba3 Re8 18. Nd4 bxc5 19. Bxc5 Bxc4 20. Nxf5 d5 21. Bxc4 Nxc4 22. Bd4 Qd7 23. Qc2 a5 24. g4 Nd6 25. Ng3 Nb5 26. Bxf6 gxf6 27. Nh5 Ra6 28. Rad1 Rae6 29. Qf5 Qa7+ 30. Kh1 Nxc3 31. Rc1 Ne2 32. Rc8 Nd4 33. Rxe8+ Rxe8 34. Nxf6+ Kh8 35. Qxd5 Rf8 36. Nd7 Rd8 37. Qe5+ Kg8 38. Nf6+ Kf7 39. Ne4 Qd7 40. Ng5+ Kg8 41. Re1 Rf8 42. Rd1 Nxf3 43. Qe2 Qxg4 44. Qa2+ Kh8 45. Qb2+ Kg8 46. Qb3+ Kh8 1/2-1/2

[Event "48.C.to  di Cat.Mag. Semif. ITA"]
[Site "Milano ITA"]
[Date "1988.02.15"]
[Round "3.2"]
[White "Marinelli, Tullio"]
[Black "Montani, Francesco"]
[Result "1-0"]
[WhiteElo "2153"]
[BlackElo "1979"]
[Annotator "Gabriele Ballarin"]
[PlyCount "80"]
[EventDate "1988.02.13"]
[EventType "tourn"]
[EventRounds "9"]
[EventCountry "ITA"]

1. d4 c5 2. d5 e5 3. e4 d6 4. Nc3 Be7 5. Nge2 Bg5 6. Bxg5 Qxg5 7. Ng3 a6 8. a4 Ne7 9. h4 Qh6 10. Ra3 O-O 11. Qd2 Qxd2+ 12. Kxd2 b6 13. Rb3 Nd7 14. Bd3 g6 15. Nf1 f5 16. Ne3 Rb8 17. h5 c4 18. Nxc4 Nc5 19. Rxb6 Rxb6 20. Nxb6 fxe4 21. Nxc8 Nxc8 22. Nxe4 Nxe4+ 23. Bxe4 Rxf2+ 24. Ke3 Rf4 25. hxg6 hxg6 26. g3 Rf7 27. Bxg6 Rg7 28. Bf5 Nb6 29. Be6+ Kf8 30. Rh8+ Ke7 31. Rb8 Nxa4 32. Rb7+ Kf6 33. Rxg7 Kxg7 34. b4 Nb6 35. Kd3 Kf6 36. c4 Na4 37. Bc8 Kg5 38. Bxa6 Kg4 39. Bb5 Nb6 40. Ke4 Na8 1-0

[Event "48.C.to  di Cat.Mag. Semif. ITA"]
[Site "Milano ITA"]
[Date "1988.02.15"]
[Round "3.3"]
[White "Facchetti, Giovanni"]
[Black "Quagliarella, Sabino Remo"]
[Result "1-0"]
[WhiteElo "2106"]
[BlackElo "1900"]
[Annotator "Gabriele Ballarin"]
[PlyCount "49"]
[EventDate "1988.02.13"]
[EventType "tourn"]
[EventRounds "9"]
[EventCountry "ITA"]

1. e4 e6 2. d4 d5 3. exd5 exd5 4. Bd3 Nf6 5. Ne2 Be7 6. Nbc3 Nbd7 7. O-O O-O 8. Ng3 Re8 9. Nf5 Bf8 10. Bg5 c6 11. Qf3 Nb6 12. Nh6+ gxh6 13. Bxf6 Qd6 14. Rfe1 Bd7 15. Re5 Rxe5 16. dxe5 Qe6 17. h3 Bc5 18. Qg3+ Kf8 19. Qg7+ Ke8 20. Qg8+ Bf8 21. f4 Bc8 22. f5 Qd7 23. Re1 Qc7 24. e6 fxe6 25. fxe6 1-0

[Event "48.C.to  di Cat.Mag. Semif. ITA"]
[Site "Milano ITA"]
[Date "1988.02.15"]
[Round "3.4"]
[White "Visentin, Claudio"]
[Black "Sarno, Spartaco"]
[Result "1/2-1/2"]
[WhiteElo "2017"]
[BlackElo "2245"]
[Annotator "Gabriele Ballarin"]
[PlyCount "36"]
[EventDate "1988.02.13"]
[EventType "tourn"]
[EventRounds "9"]
[EventCountry "ITA"]

1. d4 Nf6 2. c4 g6 3. Nc3 Bg7 4. Nf3 O-O 5. e4 d6 6. Be2 e5 7. dxe5 dxe5 8. Qxd8 Rxd8 9. Bg5 Re8 10. Nd5 Nxd5 11. cxd5 c6 12. Bc4 cxd5 13. Bxd5 Na6 14. Ke2 Nb4 15. Bc4 Bg4 16. h3 Bxf3+ 17. Kxf3 Nc2 18. Rac1 Nd4+ 1/2-1/2

[Event "48.C.to  di Cat.Mag. Semif. ITA"]
[Site "Milano ITA"]
[Date "1988.02.15"]
[Round "3.5"]
[White "Valenti, Giuseppe"]
[Black "Vezzosi, Paolo"]
[Result "0-1"]
[WhiteElo "2245"]
[BlackElo "2270"]
[Annotator "Gabriele Ballarin"]
[PlyCount "108"]
[EventDate "1988.02.13"]
[EventType "tourn"]
[EventRounds "9"]
[EventCountry "ITA"]

1. e4 e6 2. d4 d5 3. Nd2 c5 4. Bb5+ Nc6 5. exd5 Qxd5 6. Ngf3 cxd4 7. Bc4 Qd6 8. O-O Nf6 9. Nb3 Bd7 10. Nbxd4 Nxd4 11. Nxd4 O-O-O 12. c3 Qc7 13. Qe2 Bd6 14. h3 Rhg8 15. Bb5 Bc5 16. b4 Bxd4 17. cxd4 Bxb5 18. Qxb5 Kb8 19. Be3 Nd5 20. Rac1 Qd7 21. Qe2 g6 22. Bg5 Rc8 23. Qe5+ Ka8 24. a3 h5 25. Rfe1 a6 26. Rc5 b6 27. Rcc1 Kb7 28. Bh4 Rc6 29. Bg3 Rgc8 30. Rxc6 Qxc6 31. Qg7 Qd7 32. Qh6 Rc3 33. Rc1 Rxa3 34. Qf8 Rc3 35. Qb8+ Kc6 36. b5+ Kxb5 37. Rb1+ Ka4 38. Ra1+ Ra3 39. Rb1 Rb3 40. Ra1+ Kb5 41. Qe5 Qc6 42. Qg7 Qc3 43. Rf1 Qd3 44. Qxf7 Rb1 45. Rxb1+ Qxb1+ 46. Kh2 Qf5 47. Qd7+ Ka5 48. Qd6 Nb4 49. Be5 Nd3 50. Qa3+ Kb5 51. Qb3+ Nb4 52. f3 a5 53. Bd6 Qd5 54. Qxd5+ Nxd5 0-1

[Event "48.C.to  di Cat.Mag. Semif. ITA"]
[Site "Milano ITA"]
[Date "1988.02.15"]
[Round "3.6"]
[White "Martorelli, Antonio"]
[Black "Lagumina, Giulio"]
[Result "1/2-1/2"]
[WhiteElo "2235"]
[BlackElo "2106"]
[Annotator "Gabriele Ballarin"]
[PlyCount "68"]
[EventDate "1988.02.13"]
[EventType "tourn"]
[EventRounds "9"]
[EventCountry "ITA"]

1. e4 e5 2. Nf3 Nc6 3. Bb5 a6 4. Bxc6 dxc6 5. Nc3 Qd6 6. d4 exd4 7. Qxd4 Qxd4 8. Nxd4 Bd7 9. Bf4 O-O-O 10. O-O Ne7 11. Rfd1 f5 12. Bg5 fxe4 13. Nxe4 h6 14. Bh4 Re8 15. Nc5 Bg4 16. Re1 g5 17. Bg3 Bg7 18. Nde6 Bxe6 19. Nxe6 Bxb2 20. Rab1 Bc3 21. Nxc7 Bxe1 22. Nxe8 Bxf2+ 23. Bxf2 Rxe8 24. Re1 Kd7 25. Rd1+ Ke6 26. Bc5 Nc8 27. g4 b6 28. Re1+ Kd7 29. Rd1+ Ke6 30. Bd4 c5 31. Re1+ Kd7 32. Rxe8 Kxe8 33. Bg7 Kf7 34. Bxh6 Kg6 1/2-1/2

[Event "48.C.to  di Cat.Mag. Semif. ITA"]
[Site "Milano ITA"]
[Date "1988.02.15"]
[Round "3.7"]
[White "Castiglioni, Ferruccio"]
[Black "Calvenzani, Oscar"]
[Result "1-0"]
[WhiteElo "2030"]
[BlackElo "1986"]
[Annotator "Gabriele Ballarin"]
[PlyCount "71"]
[EventDate "1988.02.13"]
[EventType "tourn"]
[EventRounds "9"]
[EventCountry "ITA"]

1. c4 Nf6 2. Nc3 e5 3. Nf3 Nc6 4. e3 Bb4 5. Nd5 Bc5 6. a3 e4 7. Ng1 Nxd5 8. cxd5 Ne5 9. Qc2 Qe7 10. Qxe4 Bd6 11. d4 Ng6 12. Qxe7+ Bxe7 13. Nf3 b6 14. Bd2 Bb7 15. Bc4 Bd6 16. O-O O-O-O 17. e4 f6 18. Rfe1 Rde8 19. Bc3 Rhf8 20. Rad1 Nf4 21. b4 Be7 22. Bd2 Ng6 23. a4 Bd6 24. a5 Kb8 25. axb6 axb6 26. Ra1 Nf4 27. Ra2 Ng6 28. Bc3 Ne7 29. Rea1 Nc8 30. Nd2 Bf4 31. f3 Nd6 32. Bd3 Nc8 33. Nc4 Nd6 34. Nxd6 cxd6 35. Ba6 Kc7 36. Bxb7 1-0

[Event "48.C.to  di Cat.Mag. Semif. ITA"]
[Site "Milano ITA"]
[Date "1988.02.15"]
[Round "3.8"]
[White "Zagallo, Bruno"]
[Black "Drei, Andrea"]
[Result "0-1"]
[WhiteElo "1900"]
[BlackElo "2235"]
[Annotator "Gabriele Ballarin"]
[PlyCount "68"]
[EventDate "1988.02.13"]
[EventType "tourn"]
[EventRounds "9"]
[EventCountry "ITA"]

1. e4 c5 2. Nf3 e6 3. d4 cxd4 4. Nxd4 Nc6 5. g3 Nf6 6. Bg2 Qc7 7. Nb3 Be7 8. O-O O-O 9. Nc3 a6 10. Be3 Ne5 11. Bf4 d6 12. Nd2 Bd7 13. Kh1 b5 14. Bg5 Bc6 15. Bxf6 Bxf6 16. f4 Nd7 17. Qf3 Rac8 18. Rac1 Qb7 19. g4 Nc5 20. Rfe1 b4 21. Nd1 d5 22. e5 Bh4 23. Rg1 d4 24. Qh3 Bxg2+ 25. Rxg2 Be7 26. Nf2 Qd5 27. b3 Rfd8 28. Qf3 Bh4 29. Qxd5 Rxd5 30. Nfe4 Nd3 31. Rf1 Ne1 32. Re2 Nxc2 33. g5 d3 34. Rg2 Ne3 0-1

[Event "48.C.to  di Cat.Mag. Semif. ITA"]
[Site "Milano ITA"]
[Date "1988.02.15"]
[Round "3.9"]
[White "Ricci, Marco"]
[Black "Sani, Valentino"]
[Result "1-0"]
[WhiteElo "2022"]
[BlackElo "1900"]
[Annotator "Gabriele Ballarin"]
[PlyCount "75"]
[EventDate "1988.02.13"]
[EventType "tourn"]
[EventRounds "9"]
[EventCountry "ITA"]

1. e4 c5 2. Nf3 d6 3. d4 cxd4 4. Qxd4 Nc6 5. Bb5 Bd7 6. Bxc6 Bxc6 7. Nc3 Nf6 8. Bg5 e5 9. Qd3 h6 10. Bxf6 Qxf6 11. Nb5 Qd8 12. O-O-O Be7 13. Nxd6+ Bxd6 14. Qxd6 Qxd6 15. Rxd6 f6 16. Re1 Ke7 17. Rd2 g5 18. Ng1 Ke6 19. Ne2 Rad8 20. Rxd8 Rxd8 21. Ng3 Rd7 22. f3 Rh7 23. Nf5 h5 24. Rd1 Bb5 25. b3 Bc6 26. Rd6+ Kf7 27. Rd8 g4 28. c4 h4 29. h3 gxf3 30. gxf3 Rh5 31. Kd2 Rh7 32. Ke3 Rh5 33. Rd2 Rg5 34. b4 a6 35. Rd8 Rxf5 36. exf5 Ke7 37. Rh8 Bd7 38. Rh7+ 1-0

[Event "48.C.to  di Cat.Mag. Semif. ITA"]
[Site "Milano ITA"]
[Date "1988.02.15"]
[Round "3.10"]
[White "Mantovani, Renzo"]
[Black "Quinto, Gianni"]
[Result "1-0"]
[WhiteElo "2410"]
[BlackElo "2085"]
[Annotator "Gabriele Ballarin"]
[PlyCount "65"]
[EventDate "1988.02.13"]
[EventType "tourn"]
[EventRounds "9"]
[EventCountry "ITA"]

1. g3 g6 2. Bg2 Bg7 3. Nf3 d6 4. O-O Nf6 5. c4 O-O 6. d4 c6 7. Nc3 Qc7 8. Qc2 Nbd7 9. b3 e5 10. Rd1 Re8 11. Bb2 e4 12. Ne1 e3 13. f3 Nf8 14. Qc1 h5 15. d5 Bf5 16. Nc2 Rad8 17. Nd4 Bc8 18. Rd3 h4 19. dxc6 bxc6 20. Qe1 hxg3 21. hxg3 Nh5 22. Rad1 d5 23. cxd5 Be5 24. f4 Nxf4 25. gxf4 Bxf4 26. Qh4 Bg3 27. d6 Bf2+ 28. Kf1 Rxd6 29. Qh6 Re5 30. Nf3 Rh5 31. Qf4 Ne6 32. Qxd6 Qb6 33. Ne4 1-0

[Event "48.C.to  di Cat.Mag. Semif. ITA"]
[Site "Milano ITA"]
[Date "1988.02.15"]
[Round "3.11"]
[White "Biondi, Gualtiero"]
[Black "Brovelli, Claudio"]
[Result "0-1"]
[WhiteElo "1973"]
[BlackElo "2017"]
[Annotator "Gabriele Ballarin"]
[PlyCount "76"]
[EventDate "1988.02.13"]
[EventType "tourn"]
[EventRounds "9"]
[EventCountry "ITA"]

1. e4 e6 2. d4 d5 3. Nd2 Nf6 4. e5 Nfd7 5. Bd3 c5 6. c3 Nc6 7. Ne2 cxd4 8. cxd4 f6 9. f4 Qb6 10. Nf3 Be7 11. O-O f5 12. Kh1 Nf8 13. a3 Bd7 14. b4 a6 15. Be3 Rc8 16. Rc1 Na7 17. Rxc8+ Nxc8 18. Qb3 Bb5 19. Rc1 Na7 20. Ne1 Nc6 21. Bxb5 Qxb5 22. Nd3 Na5 23. Qc3 Nc4 24. Bf2 Nd7 25. Nc5 Kf7 26. Rg1 b6 27. Nxd7 Qxd7 28. g4 fxg4 29. Rxg4 Qa4 30. Qg3 Qd1+ 31. Ng1 g6 32. Qh3 Qc2 33. Rg2 Qe4 34. Qb3 b5 35. Nh3 Rc8 36. Ng5+ Bxg5 37. fxg5 Nd2 38. Qh3 Rc1+ 0-1

[Event "48.C.to  di Cat.Mag. Semif. ITA"]
[Site "Milano ITA"]
[Date "1988.02.15"]
[Round "3.12"]
[White "Rizzo, Giovanbattista"]
[Black "Capurro, Giuliano"]
[Result "1/2-1/2"]
[WhiteElo "2054"]
[BlackElo "1976"]
[Annotator "Gabriele Ballarin"]
[PlyCount "80"]
[EventDate "1988.02.13"]
[EventType "tourn"]
[EventRounds "9"]
[EventCountry "ITA"]

1. e4 e5 2. Nf3 Nf6 3. Nc3 Nc6 4. Bb5 Nd4 5. Ba4 Nxf3+ 6. Qxf3 c6 7. d3 b5 8. Bb3 h6 9. h3 a5 10. a3 a4 11. Ba2 b4 12. axb4 Bxb4 13. O-O d6 14. Ne2 Be6 15. c3 Bc5 16. d4 Bxa2 17. Rxa2 exd4 18. cxd4 Bb6 19. Qg3 Nxe4 20. Qxg7 Qf6 21. Qg4 Qe6 22. Qxe6+ fxe6 23. Nc3 Nxc3 24. bxc3 c5 25. Be3 cxd4 26. cxd4 Rh7 27. Rb1 Ra6 28. Rb4 a3 29. Kf1 h5 30. h4 Rc7 31. Ke2 Kf7 32. Rb3 Rc4 33. Rbxa3 Rxa3 34. Rxa3 Bxd4 35. Kd3 Bc5 36. Ra5 Rxh4 37. Bxc5 dxc5 38. Rxc5 Kf6 39. Ke3 e5 40. Rc8 Ra4 1/2-1/2

[Event "48.C.to  di Cat.Mag. Semif. ITA"]
[Site "Milano ITA"]
[Date "1988.02.15"]
[Round "3.13"]
[White "Tirabassi, Maurizio"]
[Black "Pernisco, Ermanno"]
[Result "1-0"]
[WhiteElo "2211"]
[BlackElo "2080"]
[Annotator "4h 55'"]
[PlyCount "101"]
[EventDate "1988.02.13"]
[EventType "tourn"]
[EventRounds "9"]
[EventCountry "ITA"]

1. d4 Nf6 2. Nf3 c5 3. c4 cxd4 4. Nxd4 Nc6 5. g3 g6 6. Bg2 Bg7 7. O-O O-O 8. Nc3 Nxd4 9. Qxd4 d6 10. Qd3 Nd7 11. b3 Qa5 12. Bb2 Nc5 13. Qd2 Rb8 14. Rfd1 Re8 15. Qc2 Bf5 16. e4 Bg4 17. Rd2 a6 18. a3 Nd7 19. b4 Qd8 20. Nd5 Bxb2 21. Qxb2 Ne5 22. Ne3 Qc8 23. Rc2 b6 24. Qc1 Bf3 25. Qd2 Qe6 26. Rc3 Rec8 27. Rac1 Bxg2 28. Kxg2 Nd7 29. f3 a5 30. Nd5 axb4 31. axb4 Ra8 32. R1c2 Qe5 33. Qe3 Rcb8 34. f4 Qh5 35. Nxe7+ Kf8 36. Nd5 Qd1 37. Rd2 Qb1 38. Qd4 Kg8 39. Ne7+ Kf8 40. Nc6 Nf6 41. Nxb8 Ra1 42. Qxd6+ Kg7 43. Qd3 Qh1+ 44. Kh3 Nxe4 45. Rcc2 Kh6 46. Nd7 f6 47. c5 Re1 48. cxb6 g5 49. Nxf6 Nxf6 50. fxg5+ Kh5 51. gxf6 1-0

[Event "48.C.to  di Cat.Mag. Semif. ITA"]
[Site "Milano ITA"]
[Date "1988.02.15"]
[Round "3.14"]
[White "Altini, Daniele"]
[Black "Leoni, Leopoldo"]
[Result "1/2-1/2"]
[WhiteElo "2020"]
[BlackElo "2126"]
[Annotator "Gabriele Ballarin"]
[PlyCount "82"]
[EventDate "1988.02.13"]
[EventType "tourn"]
[EventRounds "9"]
[EventCountry "ITA"]

1. e4 c5 2. Nf3 e6 3. d4 cxd4 4. Nxd4 a6 5. Bd3 Nf6 6. O-O d6 7. c4 g6 8. Nc3 Bg7 9. b3 O-O 10. Bb2 Nbd7 11. Qd2 Qc7 12. Rfd1 Rd8 13. Rac1 b6 14. Bb1 Bb7 15. f3 Rac8 16. Nde2 Bf8 17. a4 Qb8 18. Ba2 Bc6 19. Nd4 Bb7 20. Kh1 Ne5 21. f4 Bh6 22. Qf2 Neg4 23. Qg3 e5 24. Nde2 exf4 25. Nxf4 d5 26. Rf1 dxe4 27. Bb1 e3 28. Nce2 Re8 29. h3 Nf2+ 30. Kg1 Bg7 31. Bd4 N2e4 32. Qxe3 Nc5 33. Qc3 Nce4 34. Qb2 Qd6 35. Rcd1 Qc6 36. Rf3 Ng5 37. Rg3 Nge4 38. Rf3 Ng5 39. Rg3 Nge4 40. Rf3 Ng5 41. Rg3 Nge4 1/2-1/2

[Event "48.C.to  di Cat.Mag. Semif. ITA"]
[Site "Milano ITA"]
[Date "1988.02.15"]
[Round "3.15"]
[White "Caposciutti, Maurizio"]
[Black "Ratti, Ruggero"]
[Result "0-1"]
[WhiteElo "2181"]
[BlackElo "2291"]
[Annotator "Gabriele Ballarin"]
[PlyCount "67"]
[EventDate "1988.02.13"]
[EventType "tourn"]
[EventRounds "9"]
[EventCountry "ITA"]

1. e4 c5 2. Nf3 e6 3. Nc3 d6 4. d4 cxd4 5. Nxd4 a6 6. g3 Nc6 7. Bg2 Bd7 8. O-O Be7 9. Nb3 Nf6 10. Kh1 Rc8 11. f4 b5 12. Be3 Qc7 13. Rc1 O-O 14. g4 Ne8 15. g5 Na5 16. Nxa5 Qxa5 17. Rf3 b4 18. Ne2 g6 19. Rh3 Qxa2 20. Ng3 Ng7 21. b3 Qa5 22. Bf1 Bb5 23. Ra1 Qc7 24. Bxb5 axb5 25. Ra7 Qd8 26. Bd4 e5 27. Bb2 Ne6 28. Nf5 Re8 29. Nh6+ Kf8 30. f5 Nxg5 31. fxg6 hxg6 32. Qf1 Kg7 33. Rh4 Rf8 34. Ng4 0-1

[Event "48.C.to  di Cat.Mag. Semif. ITA"]
[Site "Milano ITA"]
[Date "1988.02.15"]
[Round "3.16"]
[White "Gongalov, Bojan"]
[Black "Micalizzi, Giovanni"]
[Result "1-0"]
[WhiteElo "2008"]
[BlackElo "2068"]
[Annotator "Gabriele Ballarin"]
[PlyCount "117"]
[EventDate "1988.02.13"]
[EventType "tourn"]
[EventRounds "9"]
[EventCountry "ITA"]

1. e4 c5 2. Nf3 Nc6 3. d4 cxd4 4. Nxd4 g6 5. c4 Bg7 6. Be3 b6 7. Nc3 Bb7 8. Be2 Nf6 9. O-O O-O 10. Nc2 Rc8 11. b3 b5 12. cxb5 Ne5 13. Bd4 Nxe4 14. Nxe4 Bxe4 15. Ne3 f5 16. f4 Nf7 17. Bxg7 Kxg7 18. Qd4+ Kg8 19. Qxa7 e5 20. fxe5 Nxe5 21. Bc4+ d5 22. Rad1 Qg5 23. Bxd5+ Bxd5 24. Nxd5 Rc2 25. Nf4 Re8 26. b6 Nc6 27. Qd7 Rd8 28. Qe6+ Kg7 29. Qe3 Kh8 30. Rxd8+ Qxd8 31. a4 g5 32. Nh3 f4 33. Qe6 Qxb6+ 34. Kh1 Qd8 35. b4 Kg7 36. b5 Qd3 37. Qe1 Qd5 38. Rf2 Nd4 39. Qe7+ Kg6 40. Qe8+ Kg7 41. Qe7+ Kg6 42. Rxc2 Nxc2 43. Qe2 Ne3 44. a5 Kf5 45. a6 g4 46. Ng1 Qd4 47. Qa2 Nd1 48. Qf7+ Kg5 49. h4+ Kxh4 50. Qxh7+ Kg5 51. Qe7+ Kf5 52. Ne2 Qa1 53. Qf7+ Ke4 54. Qxf4+ Kd3 55. Qf1 Qh8+ 56. Kg1 Ne3 57. Nc1+ Ke4 58. Qd3+ Kf4 59. Ne2+ 1-0